| 000 | 00551nam a22001817a 4500 | ||
|---|---|---|---|
| 008 | 230630b |||||||| |||| 00| 0 eng d | ||
| 020 | _a978-81-263-3021-8 | ||
| 040 |
_aNational Science Library _cNational Science Library |
||
| 080 |
_a82-313.1PAR _bQ5 |
||
| 100 | _aParsai, Harishankar | ||
| 245 | _aप्रेमचंद के फटे जूते | ||
| 246 | _aPremchand ke phate joote | ||
| 260 |
_aNew Delhi: _bBharatiya Jnanpith, _c2015 |
||
| 300 | _a323p. | ||
| 650 | _aShort story | ||
| 653 | _aLiterature | ||
| 942 |
_2udc _cHBK |
||
| 999 |
_c48486 _d48486 |
||